| 000 | 00990cam0a220027700 4500 | ||
|---|---|---|---|
| 001 | qce01067345 | ||
| 005 | 20190816092234.0 | ||
| 008 | 750925s1962 nyu 000 0 eng | ||
| 010 | _a 62053617 | ||
| 035 | _a(Sirsi) r81167 | ||
| 035 | _a(QCAT)lss01008897 | ||
| 035 | _a(UPRA)qce01067345 | ||
| 040 | _dUPRA | ||
| 082 | _a324.747 | ||
| 100 | 1 |
_aGassman, Benjamin, 1894- _dGassman, Benjamin, 1894- _6A40860.1 |
|
| 245 | 1 | 0 |
_aElection law : _bdecisions and procedure. |
| 250 | _a2nd ed. | ||
| 260 |
_aAlbany : _bWilliams Press, _c1962. |
||
| 500 | _aFirst published in 1935 under title: The ABC of the direct primary law. | ||
| 500 | _aKept up to date by cummulative pocket supplements. | ||
| 650 | 0 |
_aElection law -- New York (State) _zElection law -- New York (State) _6S32425.1 |
|
| 949 |
_aKB24 _wlcc _i-112378 _mMAIN _tBOOK _lON-SHELF |
||
| 949 |
_aKB24 _wlcc _i-112379 _mMAIN _tBOOK _lON-SHELF |
||
| 949 |
_aKB24 _wlcc _i33729001791412 _mMAIN _p2500 _tBOOK _lON-SHELF |
||
| 004 | 81167 | ||
| 999 |
_c81948 _d81948 |
||